Statistics for Cities Beginning With "H" on a Map

Click here to take the quiz!

General Stats

  • This quiz has been taken 13,939 times
    (13,874 since last reset)
  • The average score is 14 of 25

Answers on the Map

Answers color-coded by a green-red scale on the quiz's map according to % correct below.
 

Answer Stats

City% Correct
Helsinki
95%
Havana
93%
Hamburg
92%
Honolulu
91%
Houston
91%
Hanoi
90%
Ho Chi Minh City
79%
Harare
73%
Hong Kong
70%
Hobart
61%
Hanover
59%
Hiroshima
59%
Halifax
57%
Hyderabad
54%
Haifa
50%
Honiara
49%
Heraklion
45%
Harbin
36%
Hangzhou
35%
Hamilton
30%
Homs
22%
Huelva
20%
Hargeisa
14%
Hermosillo
13%
Huambo
10%

Score Distribution

Percentile by Number Answered

Percent of People with Each Score

Your Score History

You have not taken this quiz since the last reset